| 000 | 01077nam0a22002531 4500 | ||
|---|---|---|---|
| 001 | rc\747923 | ||
| 005 | 20040301142238.0 | ||
| 035 | _a(NLR Aleph) 006276630 | ||
| 090 |
_a7005911 _c7005911 |
||
| 100 | _a20040301d1985 u |0rusy50 ca | ||
| 101 | 0 | _arus | |
| 102 | _aRU | ||
| 105 | _ay ||||||||| | ||
| 200 | 1 |
_aЭндемический зоб _e[Сб. ст.] _fПод ред. проф. И.Т. Калюжного |
|
| 210 |
_aФрунзе _cБ. и. _d1985 |
||
| 215 |
_a89 с. _d20 |
||
| 225 | 1 |
_aСборник трудов _fКирг. гос. мед. ин-т. Каф. пропедевтики внутр. болезней с курсом эндокринологии, дет. хирургии, внутр. болезней № 3 и госпит. хирургии № 1 КГМИ _vТ. 154 |
|
| 300 | _aВ надзаг. также: М-во зравоохранения Кирг. ССР | ||
| 702 | 1 |
_aКолюжный _bИ. Т. _gИван Тимофеевич _4340 |
|
| 801 | 0 |
_aRU _bNLR _gpsbo |
|
| 801 | 1 |
_aRU _bELAR _2rusmarc |
|
| 852 |
_aNLR _jП16/390 |
||
| 942 | _cBOOK | ||
| 980 | _aNB | ||